|
|
|
|
| LEADER |
00000nam0a2200000 4500 |
| 001 |
293572 |
| 005 |
20231102000615.0 |
| 020 |
|
|
|a RU
|b 84-2204
|
| 035 |
|
|
|a (RuTPU)RU\TPU\book\318610
|
| 090 |
|
|
|a 293572
|
| 100 |
|
|
|a 20150505d1983 k y0rusy5003 ca
|
| 101 |
0 |
|
|a rus
|
| 102 |
|
|
|a RU
|
| 105 |
|
|
|a a z 001zy
|
| 200 |
1 |
|
|a Проблемы повышения точности средств измерений магнитной индукции
|e сборник научных трудов
|f Всесоюзный научно-исследовательский институт метрологии им. Д. И. Менделеева (ВНИИМ), Свердловский филиал ; под ред. Н. В. Студенцова, В. Я. Шифрина
|
| 210 |
|
|
|a Ленинград
|c Энергоатомиздат
|d 1983
|
| 215 |
|
|
|a 61 с.
|c ил.
|
| 320 |
|
|
|a Библиогр. в конце ст.
|
| 606 |
1 |
|
|a Магнитные измерения
|x (электроэнергетика)
|2 stltpush
|3 (RuTPU)RU\TPU\subj\68707
|9 83873
|
| 606 |
1 |
|
|a Электромагнитная индукция
|x (электромагнетизм)
|2 stltpush
|3 (RuTPU)RU\TPU\subj\20151
|9 45272
|
| 610 |
1 |
|
|a эталоны
|
| 610 |
1 |
|
|a единицы измерений
|
| 610 |
1 |
|
|a погрешности
|
| 610 |
1 |
|
|a тесламетры
|
| 610 |
1 |
|
|a феррозонды
|
| 610 |
1 |
|
|a магнитооптические измерения
|
| 610 |
1 |
|
|a автоподстройка
|
| 675 |
|
|
|a 621.317.4
|z rus
|v 3
|
| 675 |
|
|
|a 537.85
|z rus
|v 3
|
| 702 |
|
1 |
|a Студенцов
|b Н. В.
|g Николай Валерианович
|4 340
|
| 702 |
|
1 |
|a Шифрин
|b В. Я.
|4 340
|
| 712 |
0 |
2 |
|a Всесоюзный научно-исследовательский институт метрологии им. Д. И. Менделеева (ВНИИМ)
|b Свердловский филиал
|c (1942-1986)
|2 stltpush
|3 (RuTPU)RU\TPU\col\12901
|
| 801 |
|
0 |
|a RU
|b RuMRKP
|c 19950704
|g psbo
|
| 801 |
|
1 |
|a RU
|b 63413507
|c 20150505
|
| 801 |
|
2 |
|a RU
|b 63413507
|c 20190116
|g RCR
|
| 942 |
|
|
|c BK
|